Managerial behavior, performance, and effectiveness
Contents: Managerial talent: a critical national resource; Determiners of managerial effectiveness; Decribing the managerial job...
Spremljeno u:
| Format: | Knjiga |
|---|---|
| Jezik: | Undetermined |
| Izdano: |
New York
McGraw-Hill
1970
|
| Teme: | |
| Oznake: |
Dodaj oznaku
Bez oznaka, Budi prvi tko označuje ovaj zapis!
|
| Thư viện lưu trữ: | Trung tâm Học liệu Trường Đại học Cần Thơ |
|---|
| LEADER | 00672nam a2200193Ia 4500 | ||
|---|---|---|---|
| 001 | CTU_186063 | ||
| 008 | 210402s9999 xx 000 0 und d | ||
| 020 | |c 29.98 | ||
| 082 | |a 658.4 | ||
| 082 | |b M266 | ||
| 245 | 0 | |a Managerial behavior, performance, and effectiveness | |
| 245 | 0 | |c John P. Campbell ... [et al.] | |
| 260 | |a New York | ||
| 260 | |b McGraw-Hill | ||
| 260 | |c 1970 | ||
| 520 | |a Contents: Managerial talent: a critical national resource; Determiners of managerial effectiveness; Decribing the managerial job... | ||
| 650 | |a Executive ability,Khả năng điều hành | ||
| 904 | |i Giang | ||
| 980 | |a Trung tâm Học liệu Trường Đại học Cần Thơ | ||